Pokročilé metódy strojového videnia a ich integrácia do výučby z využitím vnorenej platformy OpenMV

Guardado en:
Detalles Bibliográficos
Autor principal: Jakubík, Bartolomej (Autor)
Otros Autores: Vachálek, Ján (Orientador)
Formato: Manuscrito Libro
Lenguaje:eslovaco
Publicado: 2023
Materias:
Acceso en línea:http://is.stuba.sk/zp/portal_zp.pl?podrobnosti=171411
Etiquetas: Agregar Etiqueta
Sin Etiquetas, Sea el primero en etiquetar este registro!

MARC

LEADER 00000ntm a22000003a 4500
001 stuzp94532
003 SK-STU
005 20240514094440.3
007 ta
008 150427s2015----xo-----f-mn---000-0-slo-d
040 |a STU  |b slo 
041 0 |a slo 
100 1 |a Jakubík, Bartolomej  |u 020020  |4 aut  |U SjF Strojnícka fakulta  |T SjF Ústav automatizácie, merania a aplikovanej informatiky  |X 93047  |U J0020  |Y 802  |7 93047 
242 0 1 |a Advanced machine vision methods and their integration into teaching using the OpenMV embedded platform  |y eng 
245 1 0 |a Pokročilé metódy strojového videnia a ich integrácia do výučby z využitím vnorenej platformy OpenMV 
260 |c 2023 
650 4 |a OpenMV  |2 slo 
650 4 |a Strojové videnie  |2 slo 
650 4 |a Priemysel  |2 slo 
650 4 |a Kamera  |2 slo 
650 4 |a Didaktické úlohy  |2 slo 
650 4 |a camera  |2 eng 
650 4 |a machine vision  |2 eng 
650 4 |a industry  |2 eng 
650 4 |a OpenMV  |2 eng 
650 4 |a didactic tasks  |2 eng 
700 1 |a Vachálek, Ján  |u 020020  |k Z1  |4 ths  |U SjF Strojnícka fakulta  |T SjF Ústav automatizácie, merania a aplikovanej informatiky  |X 2232  |U J0020  |Y 802  |7 A000002232 
856 4 |u http://is.stuba.sk/zp/portal_zp.pl?podrobnosti=171411 
996 |b 284J047583  |c J* 3705/DDP  |l JJSK  |s A  |a 24  |w stuzp94532_0001